| 000 | 00956nam a22002417a 4500 | ||
|---|---|---|---|
| 999 |
_c6926 _d6926 |
||
| 003 | AR-CdUCM | ||
| 008 | 190319b ||||| |||| 00| 0 spa d | ||
| 040 |
_aMUNICIPALIDAD PROVINCIAL DEL CUSCO _cBIBLIOTECA MUNICIPAL DEL CUSCO |
||
| 041 | _heng | ||
| 082 |
_a665.5388 / _bT78 |
||
| 100 |
_aTraxler, Ralph Newston. _919517 |
||
| 245 |
_aEl asfalto : _bsu composición, propiedades y usos / |
||
| 260 |
_aMéxico, D.F : _bD.F : Continental, _c1962. |
||
| 300 |
_a336 paginas ; _bIlustarciones, _c23 cm. |
||
| 500 | _aTitulo original : Asphalt. its composition, properties and uses | ||
| 505 | _aComposición química de los asfaltos -- Propiedades físicas -- Técnicas y propiedades reologicas -- Propiedades coloidales del asfalto -- Durabilidad... | ||
| 650 |
_aAsflato _919518 |
||
| 650 |
_aComposicion _919519 |
||
| 650 |
_aEmulsiones asfálticas _919520 |
||
| 700 |
_aLepe, Jose Luis (Traductor) _919407 |
||
| 942 |
_2ddc _cLIBROS |
||
| 945 | _awnts | ||